[Event "Novokuznetsk-ch"]
[Site "Novokuznetsk"]
[Date "2014.12.06"]
[Round "6"]
[White "Shukan, Mikhail"]
[Black "Rogov, Igor"]
[Result "1/2-1/2"]
[WhiteElo "2067"]
[BlackElo "1942"]
[PlyCount "51"]
[EventDate "2014.11.16"]
[EventType "swiss"]
[EventRounds "9"]
[EventCountry "RUS"]
[SourceTitle "EXT 2016"]
[Source "ChessBase"]
[SourceDate "2015.10.08"]
[SourceVersion "1"]
[SourceVersionDate "2015.10.08"]
[SourceQuality "1"]

1. e4 c5 2. Nc3 Nc6 3. g3 g6 4. d3 Bg7 5. Be3 Nd4 6. Qd2 e6 7. Nd1 d6 8. c3 Nc6 9. Bg2 Qa5 10. Ne2 Bd7 11. 0-0 Nge7 12. Bh6 0-0 13. Bxg7 Kxg7 14. f4 d5 15. Ne3 d4 16. Nc4 Qd8 17. cxd4 Nxd4 18. Nxd4 cxd4 19. Rac1 Bc6 20. f5 exf5 21. exf5 Nxf5 22. Bxc6 bxc6 23. g4 Ne3 24. Nxe3 dxe3 25. Qxe3 Qd5 26. Rc5 1/2-1/2

[Event "Novokuznetsk-ch"]
[Site "Novokuznetsk"]
[Date "2014.11.30"]
[Round "5"]
[White "Rogov, Igor"]
[Black "Morozov, Vasiliy"]
[Result "1/2-1/2"]
[WhiteElo "1942"]
[BlackElo "2047"]
[PlyCount "87"]
[EventDate "2014.11.16"]
[EventType "swiss"]
[EventRounds "9"]
[EventCountry "RUS"]
[SourceTitle "EXT 2016"]
[Source "ChessBase"]
[SourceDate "2015.10.08"]
[SourceVersion "1"]
[SourceVersionDate "2015.10.08"]
[SourceQuality "1"]

1. e4 e6 2. d3 d5 3. Nd2 c5 4. Ngf3 Nc6 5. c3 Qc7 6. g3 b6 7. Bg2 Bb7 8. Qe2 Nge7 9. 0-0 Rd8 10. Re1 g6 11. Nf1 Bg7 12. e5 d4 13. c4 0-0 14. Bf4 h6 15. h4 a6 16. N1h2 Kh7 17. Ng4 Ng8 18. Qd2 Nce7 19. Nf6+ Kh8 20. Nxg8 Nxg8 21. Nh2 Bxg2 22. Kxg2 Kh7 23. Ng4 h5 24. Nh2 Nh6 25. Bxh6 Bxh6 26. f4 Qe7 27. Qe2 Rb8 28. Nf3 Rfc8 29. Rab1 b5 30. b3 Rb6 31. Nd2 bxc4 32. Nxc4 Rbb8 33. Rbc1 Qb7+ 34. Kh3 Bf8 35. g4 hxg4+ 36. Qxg4 Be7 37. Nd6 Bxd6 38. exd6 Kg7 39. Re5 Qb5 40. Rc4 Qc6 41. Kg3 Qh1 42. Rexc5 Qg1+ 43. Kh3 Qh1+ 44. Kg3 1/2-1/2

[Event "Novokuznetsk-ch"]
[Site "Novokuznetsk"]
[Date "2013.12.07"]
[Round "6"]
[White "Moskvin, Maksim"]
[Black "Rogov, Igor"]
[Result "1/2-1/2"]
[WhiteElo "1746"]
[BlackElo "1952"]
[PlyCount "45"]
[EventDate "2013.11.17"]
[EventType "swiss"]
[EventRounds "9"]
[EventCountry "RUS"]
[SourceTitle "EXT 2015"]
[Source "ChessBase"]
[SourceDate "2014.11.20"]
[SourceVersion "1"]
[SourceVersionDate "2014.11.20"]
[SourceQuality "1"]

1. e4 d5 2. exd5 Qxd5 3. Nc3 Qa5 4. d4 c6 5. Bd2 Nf6 6. Nf3 Bg4 7. Be2 e6 8. 0-0 Bxf3 9. Bxf3 Qb6 10. Be1 Be7 11. b3 Nbd7 12. Na4 Qc7 13. c4 0-0 14. Bd2 e5 15. dxe5 Nxe5 16. Bf4 Nxf3+ 17. Qxf3 Bd6 18. Bxd6 Qxd6 19. Rad1 Qc7 20. Rfe1 Rad8 21. h3 Rxd1 22. Rxd1 Re8 23. Nc3 1/2-1/2

[Event "Novokuznetsk-ch"]
[Site "Novokuznetsk"]
[Date "2011.??.??"]
[Round "9"]
[White "Rogov, Igor"]
[Black "Korobeynikov, Alexandr"]
[Result "1-0"]
[WhiteElo "1981"]
[BlackElo "1944"]
[PlyCount "93"]
[EventDate "2011.11.19"]
[EventType "swiss"]
[EventRounds "9"]
[EventCountry "RUS"]
[SourceTitle "EXT 2013"]
[Source "ChessBase"]
[SourceDate "2012.11.22"]
[SourceVersion "1"]
[SourceVersionDate "2012.11.22"]
[SourceQuality "1"]

1. e4 c5 2. Nf3 g6 3. d4 cxd4 4. Nxd4 Bg7 5. c4 Nc6 6. Be3 Qa5+ 7. Nc3 Nf6 8. Nb3 Qe5 9. f4 Qb8 10. e5 Ng8 11. Be2 d6 12. exd6 Bxc3+ 13. bxc3 Qxd6 14. Qxd6 exd6 15. Nd4 Nge7 16. 0-0-0 0-0 17. Nb5 Nf5 18. Bf2 Re8 19. Bf3 Rd8 20. g4 Nh6 21. h3 Be6 22. Nxd6 Na5 23. Nxb7 Rxd1+ 24. Rxd1 Nxc4 25. Rd8+ Rxd8 26. Nxd8 Nb6 27. Nxe6 fxe6 28. Bc6 Nf7 29. Bd4 Nd8 30. Be4 Kf7 31. Kb2 Nc4+ 32. Kc2 Nd6 33. Bd3 Nc6 34. Be3 Ke7 35. Bc5 Kd7 36. a4 Nb7 37. Be3 Kd6 38. Bb5 Nc5 39. Bxc5+ Kxc5 40. Bxc6 Kxc6 41. Kd3 Kd5 42. a5 a6 43. c4+ Kd6 44. Kd4 Kc6 45. Ke5 Kc5 46. Kxe6 Kxc4 47. f5 1-0

[Event "Novokuznetsk-ch"]
[Site "Novokuznetsk"]
[Date "2011.??.??"]
[Round "8"]
[White "Rogov, Igor"]
[Black "Tsvetkov, Yury"]
[Result "0-1"]
[WhiteElo "1981"]
[BlackElo "1717"]
[PlyCount "98"]
[EventDate "2011.11.19"]
[EventType "swiss"]
[EventRounds "9"]
[EventCountry "RUS"]
[SourceTitle "EXT 2013"]
[Source "ChessBase"]
[SourceDate "2012.11.22"]
[SourceVersion "1"]
[SourceVersionDate "2012.11.22"]
[SourceQuality "1"]

1. e4 e5 2. Nf3 Nf6 3. Nc3 Nc6 4. d4 exd4 5. Nxd4 Nxd4 6. Qxd4 d6 7. Bg5 Be7 8. Bb5+ c6 9. Bc4 b5 10. Bb3 a5 11. a4 b4 12. Ne2 Ba6 13. Ng3 h6 14. Be3 c5 15. Qd2 c4 16. Ba2 Rc8 17. c3 b3 18. Bb1 Ng4 19. Bd4 Ne5 20. f4 Nd3+ 21. Bxd3 cxd3 22. Bxg7 Rh7 23. Nf5 d5 24. Qe3 Bc5 25. Bd4 d2+ 26. Kxd2 dxe4 27. Qxe4+ Kf8 28. Rhe1 f6 29. g3 Qd7 30. Qe6 Qxe6 31. Rxe6 Bxd4 32. Nxd4 Bc4 33. Rxf6+ Kg7 34. Rf5 Kg6 35. Rxa5 Re7 36. Re5 Rd7 37. a5 Rd6 38. a6 Bxa6 39. Re6+ Rxe6 40. Nxe6 Rc6 41. Nd4 Rd6 42. Re1 Bc4 43. Re5 Kf6 44. Rh5 Kg6 45. Rxh6+ Kxh6 46. Ke3 Ra6 47. Kd2 Ra2 48. Kc1 Ra1+ 49. Kd2 Rb1 0-1

[Event "Novokuznetsk op"]
[Site "Novokuznetsk"]
[Date "2010.01.06"]
[Round "5"]
[White "Rogov, Igor"]
[Black "Izmestiev, Ilija"]
[Result "0-1"]
[WhiteElo "2000"]
[BlackElo "2095"]
[PlyCount "46"]
[EventDate "2010.01.02"]
[EventType "swiss"]
[EventRounds "10"]
[EventCountry "RUS"]
[SourceTitle "CBM 134 Extra"]
[Source "ChessBase"]
[SourceDate "2010.03.03"]
[SourceVersion "1"]
[SourceVersionDate "2010.03.03"]
[SourceQuality "1"]

1. e4 Nf6 2. Nc3 d5 3. exd5 Nxd5 4. Nxd5 Qxd5 5. Nf3 Bg4 6. Be2 Nc6 7. 0-0 e5 8. d3 0-0-0 9. Be3 f5 10. Ne1 Bxe2 11. Qxe2 h6 12. Qf3 Qe6 13. g3 g5 14. Qg2 Be7 15. Bd2 Kb8 16. a3 h5 17. b4 h4 18. f3 hxg3 19. hxg3 Rh7 20. Rf2 Rdh8 21. c3 f4 22. g4 Rh3 23. Kf1 Rg3 0-1

[Event "Novokuznetsk op"]
[Site "Novokuznetsk"]
[Date "2010.01.05"]
[Round "4"]
[White "Rogov, Igor"]
[Black "Medvedev, Emelian"]
[Result "0-1"]
[WhiteElo "2000"]
[BlackElo "2112"]
[PlyCount "64"]
[EventDate "2010.01.02"]
[EventType "swiss"]
[EventRounds "10"]
[EventCountry "RUS"]
[SourceTitle "CBM 134 Extra"]
[Source "ChessBase"]
[SourceDate "2010.03.03"]
[SourceVersion "1"]
[SourceVersionDate "2010.03.03"]
[SourceQuality "1"]

1. e4 c5 2. Nf3 Nc6 3. d4 cxd4 4. Nxd4 Nf6 5. Nc3 d6 6. Be2 e5 7. Nb3 Be7 8. Be3 0-0 9. 0-0 Be6 10. Kh1 a5 11. f4 a4 12. Nd2 d5 13. exd5 Nxd5 14. Nxd5 Qxd5 15. Bc4 Qd7 16. Bxe6 Qxe6 17. Nf3 Rad8 18. Qc1 e4 19. Ng1 f5 20. Ne2 Bf6 21. Bd2 Bxb2 22. Qxb2 Rxd2 23. Nc3 Nd4 24. Nxa4 Qg6 25. Rg1 Ne2 26. Qb3+ Kh8 27. Rad1 Rxd1 28. Rxd1 Nxf4 29. g3 Nh3 30. Rd7 e3 31. Nc5 e2 32. Nd3 Nf2+ 0-1

[Event "Novokuznetsk-ch op"]
[Site "Novokuznetsk"]
[Date "2009.12.12"]
[Round "8"]
[White "Rogov, Igor"]
[Black "Leonov, A."]
[Result "1-0"]
[WhiteElo "1980"]
[BlackElo "2195"]
[PlyCount "57"]
[EventDate "2009.11.21"]
[EventType "swiss"]
[EventRounds "9"]
[EventCountry "RUS"]
[SourceTitle "EXT 2011"]
[Source "ChessBase"]
[SourceDate "2010.11.26"]
[SourceVersion "1"]
[SourceVersionDate "2010.11.26"]
[SourceQuality "1"]

1. e4 e5 2. Nf3 Nc6 3. Bc4 Bc5 4. c3 Nf6 5. 0-0 h6 6. d4 exd4 7. cxd4 Bb6 8. e5 Ne4 9. d5 Nb8 10. d6 0-0 11. Qd3 Nc5 12. Qf5 Nc6 13. Bxh6 Ne6 14. Bxe6 dxe6 15. Qg4 g6 16. Bg5 f6 17. Bh6 Kf7 18. Bxf8 Qxf8 19. exf6 Kxf6 20. dxc7 Bxc7 21. Nc3 Kg7 22. Rad1 Qf4 23. Qxf4 Bxf4 24. Rfe1 b6 25. Re4 Bb8 26. Nd4 Nxd4 27. Rdxd4 Bc7 28. Nb5 Bb8 29. Rd8 1-0

[Event "Novokuznetsk-ch op"]
[Site "Novokuznetsk"]
[Date "2009.12.06"]
[Round "7"]
[White "Egorova, Valentina"]
[Black "Rogov, Igor"]
[Result "0-1"]
[WhiteElo "2007"]
[BlackElo "1980"]
[PlyCount "78"]
[EventDate "2009.11.21"]
[EventType "swiss"]
[EventRounds "9"]
[EventCountry "RUS"]
[SourceTitle "EXT 2011"]
[Source "ChessBase"]
[SourceDate "2010.11.26"]
[SourceVersion "1"]
[SourceVersionDate "2010.11.26"]
[SourceQuality "1"]

1. e4 c5 2. Nf3 d6 3. d4 cxd4 4. Nxd4 Nf6 5. Nc3 Nc6 6. Be2 g6 7. h3 Bg7 8. Be3 a6 9. 0-0 0-0 10. Kh1 Bd7 11. Qd2 Rc8 12. f4 Nxd4 13. Bxd4 Bc6 14. Bf3 Qc7 15. Qf2 b5 16. Rad1 b4 17. Bb6 Qb7 18. Nd5 Nxd5 19. exd5 Bb5 20. Rfe1 Bxb2 21. Bd4 Bxd4 22. Rxd4 Rc4 23. Rde4 Rxe4 24. Bxe4 Bc4 25. f5 Bxa2 26. Qd4 Rc8 27. f6 exf6 28. Rf1 Re8 29. Rxf6 Qe7 30. Bd3 a5 31. Qf4 Bxd5 32. Rxd6 Qe5 33. Qxe5 Rxe5 34. Ra6 Re1+ 35. Kh2 Ra1 36. Bb5 Ra2 37. Bd3 a4 38. Rd6 Be6 39. Rc6 Rb2 0-1

[Event "Novokuznetsk-ch op"]
[Site "Novokuznetsk"]
[Date "2009.12.05"]
[Round "6"]
[White "Rogov, Igor"]
[Black "Kuzminykh, Valeriy"]
[Result "0-1"]
[WhiteElo "1980"]
[BlackElo "2264"]
[PlyCount "56"]
[EventDate "2009.11.21"]
[EventType "swiss"]
[EventRounds "9"]
[EventCountry "RUS"]
[SourceTitle "EXT 2011"]
[Source "ChessBase"]
[SourceDate "2010.11.26"]
[SourceVersion "1"]
[SourceVersionDate "2010.11.26"]
[SourceQuality "1"]

1. e4 d6 2. d4 Nf6 3. Bd3 g6 4. c4 Bg7 5. Nc3 0-0 6. Nf3 Bg4 7. h3 Bxf3 8. Qxf3 Nc6 9. Be3 Nd7 10. Ne2 e5 11. d5 Nd4 12. Nxd4 exd4 13. Bd2 c5 14. g4 Qe7 15. 0-0-0 b5 16. Qg3 bxc4 17. Bxc4 Nb6 18. Bb5 Rab8 19. Bc6 Nc4 20. b3 Nxd2 21. Kxd2 c4 22. Rhe1 d3 23. Rb1 Qf6 24. Kd1 Qc3 25. Rc1 Qb2 26. Qe3 cxb3 27. axb3 Rxb3 28. f4 Bc3 0-1

[Event "Novokuznetsk-ch op"]
[Site "Novokuznetsk"]
[Date "2009.11.21"]
[Round "1"]
[White "Epifantsev, Igor"]
[Black "Rogov, Igor"]
[Result "1-0"]
[WhiteElo "2211"]
[BlackElo "1980"]
[PlyCount "67"]
[EventDate "2009.11.21"]
[EventType "swiss"]
[EventRounds "9"]
[EventCountry "RUS"]
[SourceTitle "EXT 2011"]
[Source "ChessBase"]
[SourceDate "2010.11.26"]
[SourceVersion "1"]
[SourceVersionDate "2010.11.26"]
[SourceQuality "1"]

1. e4 c5 2. Nf3 d6 3. d4 cxd4 4. Nxd4 g6 5. c4 Bg7 6. Nc3 Nf6 7. Be2 0-0 8. 0-0 Nc6 9. Be3 Nxd4 10. Bxd4 Be6 11. Qd2 a6 12. f4 Rc8 13. b3 Qc7 14. Kh1 Ne8 15. Bxg7 Kxg7 16. f5 Bd7 17. Nd5 Qd8 18. Rf3 Rh8 19. Rh3 h6 20. Rf1 f6 21. Rg3 g5 22. h4 Bc6 23. Nf4 Nc7 24. Kg1 Be8 25. Qd4 Kg8 26. Rd1 Bf7 27. c5 Ne8 28. Bc4 Qa5 29. Bxf7+ Kxf7 30. Qd5+ Kg7 31. Ne6+ Kh7 32. hxg5 fxg5 33. Nxg5+ hxg5 34. Qf7+ 1-0

[Event "Novokuznetsk op"]
[Site "Novokuznetsk"]
[Date "2008.11.26"]
[Round "3"]
[White "Rogov, Igor"]
[Black "Egorova, Valentina"]
[Result "0-1"]
[WhiteElo "1977"]
[BlackElo "1989"]
[PlyCount "58"]
[EventDate "2008.11.22"]
[EventType "swiss"]
[EventRounds "9"]
[EventCountry "RUS"]
[SourceTitle "CBM 127 Extra"]
[Source "ChessBase"]
[SourceDate "2009.01.08"]
[SourceVersion "2"]
[SourceVersionDate "2009.01.28"]
[SourceQuality "1"]

1. e4 c5 2. Nf3 Nc6 3. d4 cxd4 4. Nxd4 Nf6 5. Nc3 e5 6. Ndb5 d6 7. Nd5 Nxd5 8. exd5 Nb8 9. c4 Be7 10. Bd3 f5 11. 0-0 0-0 12. Qc2 a6 13. Nc3 e4 14. Be2 Nd7 15. f3 exf3 16. Bxf3 Ne5 17. b3 Bf6 18. Bb2 Bd7 19. a4 Rc8 20. Qf2 Nd3 21. Qc2 Nxb2 22. Qxb2 b5 23. axb5 axb5 24. b4 Rxc4 25. Ra3 Qb6+ 26. Kh1 Rfc8 27. Rc1 Qc7 28. Be2 Bxc3 29. Qb3 Bxb4 0-1

[Event "Sibiria Region-ch"]
[Site "Novokuznetsk"]
[Date "2008.03.18"]
[Round "6"]
[White "Lykov, Vasili"]
[Black "Rogov, Igor"]
[Result "1-0"]
[WhiteElo "2164"]
[BlackElo "2006"]
[PlyCount "81"]
[EventDate "2008.03.13"]
[EventType "swiss"]
[EventRounds "9"]
[EventCountry "RUS"]
[SourceTitle "CBM 123 Extra"]
[Source "ChessBase"]
[SourceDate "2008.05.06"]
[SourceVersion "1"]
[SourceVersionDate "2008.05.06"]
[SourceQuality "1"]

1. e4 c5 2. c3 Nf6 3. e5 Nd5 4. d4 cxd4 5. Nf3 Nc6 6. Bc4 Nb6 7. Bb3 e6 8. cxd4 d5 9. Nc3 Bd7 10. 0-0 Rc8 11. Bg5 Be7 12. h4 Bxg5 13. hxg5 a6 14. a3 h6 15. g6 fxg6 16. Qd3 g5 17. Qg6+ Kf8 18. Rac1 Qe8 19. Qb1 Qh5 20. Bc2 Ne7 21. Ne2 Bb5 22. Ng3 Qf7 23. Rfd1 g6 24. b3 Nf5 25. a4 Bc6 26. a5 Nd7 27. Bd3 Kg7 28. Rc3 Rhf8 29. Qc2 g4 30. Nxf5+ gxf5 31. Nh4 Qh5 32. g3 Rf7 33. Ng2 Qg5 34. Nf4 Re7 35. Kg2 Nxe5 36. dxe5 d4+ 37. Rxc6 Rxc6 38. Bc4 Kf7 39. Rxd4 h5 40. Rd6 Qh6 41. Qxf5+ 1-0

[Event "Sibiria Region-ch"]
[Site "Novokuznetsk"]
[Date "2008.03.14"]
[Round "2"]
[White "Sitnikov, Dmitrij"]
[Black "Rogov, Igor"]
[Result "1-0"]
[WhiteElo "2415"]
[BlackElo "2006"]
[PlyCount "59"]
[EventDate "2008.03.13"]
[EventType "swiss"]
[EventRounds "9"]
[EventCountry "RUS"]
[SourceTitle "CBM 123 Extra"]
[Source "ChessBase"]
[SourceDate "2008.05.06"]
[SourceVersion "1"]
[SourceVersionDate "2008.05.06"]
[SourceQuality "1"]

1. e4 c5 2. Nf3 Nc6 3. d4 cxd4 4. Nxd4 g6 5. Nc3 Bg7 6. Nb3 Nf6 7. Be2 0-0 8. 0-0 d6 9. Re1 Be6 10. Bf1 Rc8 11. Bg5 h6 12. Bh4 a6 13. Qd2 Kh7 14. f4 Nd7 15. Rad1 Nc5 16. Nxc5 dxc5 17. Nd5 Re8 18. c3 Bg4 19. Be2 Bxe2 20. Qxe2 Qa5 21. a3 e6 22. Nf6+ Bxf6 23. Bxf6 Nb8 24. Qf2 Rc7 25. Bd8 b5 26. f5 exf5 27. exf5 Rxd8 28. Rxd8 Nc6 29. fxg6+ fxg6 30. Qf8 1-0

[Event "Novokuznetsk-ch op"]
[Site "Novokuznetsk"]
[Date "2007.11.24"]
[Round "5"]
[White "Bodak, Artem"]
[Black "Rogov, Igor"]
[Result "0-1"]
[WhiteElo "1731"]
[BlackElo "2035"]
[PlyCount "108"]
[EventDate "2007.11.24"]
[EventType "swiss"]
[EventRounds "9"]
[EventCountry "RUS"]
[SourceTitle "EXT 2022"]
[Source "ChessBase"]
[SourceDate "2021.10.06"]
[SourceVersion "1"]
[SourceVersionDate "2021.10.06"]
[SourceQuality "1"]

1. e4 Nc6 2. d4 d5 3. e5 Bf5 4. c3 a6 5. Bd3 Bg6 6. Bxg6 hxg6 7. e6 fxe6 8. Qg4 Kd7 9. Qxg6 Qe8 10. Qg4 Nf6 11. Qe2 Qh5 12. Nf3 Qg4 13. g3 Qe4 14. Nbd2 Qxe2+ 15. Kxe2 Ng4 16. Nb3 b6 17. Bf4 g6 18. h3 Nf6 19. g4 Ne4 20. Nbd2 Nxd2 21. Kxd2 Bg7 22. Bg3 Raf8 23. Nh4 Bh6+ 24. f4 Bxf4+ 25. Bxf4 Rxh4 26. Bg3 Rh7 27. Ke2 g5 28. Rh2 Rfh8 29. Rah1 Nd8 30. Be5 Rg8 31. h4 Rxh4 32. Rxh4 gxh4 33. Rxh4 Nf7 34. Bf4 e5 35. dxe5 Ke6 36. Ke3 c5 37. g5 Nxe5 38. Rh6+ Ng6 39. Bc7 b5 40. Bb6 Kd6 41. b4 cxb4 42. cxb4 e5 43. Bc5+ Ke6 44. Rh7 Ra8 45. Rh1 Rh8 46. Rf1 Rh3+ 47. Ke2 Nf4+ 48. Kd1 Rg3 49. Rh1 Rxg5 50. Rh8 Rg6 51. Re8+ Kf5 52. Rf8+ Ke4 53. Ra8 Nd3 54. Ba7 Nxb4 0-1

[Event "Novokuznetsk-ch op"]
[Site "Novokuznetsk"]
[Date "2007.11.24"]
[Round "2"]
[White "Rogov, Igor"]
[Black "Maksichko, Vasily"]
[Result "1/2-1/2"]
[WhiteElo "2035"]
[BlackElo "1883"]
[PlyCount "130"]
[EventDate "2007.11.24"]
[EventType "swiss"]
[EventRounds "9"]
[EventCountry "RUS"]
[SourceTitle "EXT 2022"]
[Source "ChessBase"]
[SourceDate "2021.10.06"]
[SourceVersion "1"]
[SourceVersionDate "2021.10.06"]
[SourceQuality "1"]

1. e4 d6 2. d4 Nf6 3. Nc3 g6 4. f3 Bg7 5. Bg5 0-0 6. Qd2 c5 7. dxc5 dxc5 8. Qxd8 Rxd8 9. e5 Nfd7 10. Nd5 Nc6 11. 0-0-0 f6 12. Nxe7+ Nxe7 13. exf6 Bxf6 14. Bxf6 Re8 15. Bc4+ Kf8 16. Bg5 Ng8 17. Bb5 h6 18. Bh4 g5 19. Bf2 Ngf6 20. h4 g4 21. Bxd7 Bxd7 22. Bxc5+ Kf7 23. fxg4 Bxg4 24. Rf1 Kg6 25. Nh3 Ne4 26. Bd4 h5 27. Rf4 Rad8 28. c3 Re6 29. Ng5 Nxg5 30. hxg5 Kxg5 31. Rhf1 Rde8 32. Rf7 a6 33. Rg7+ Kh6 34. Rxb7 Re2 35. Rf6+ Kg5 36. Rg7+ Kh4 37. Bf2+ Rxf2 38. Rxf2 Kg3 39. Rgf7 Re6 40. Rd2 Re1+ 41. Kc2 Rg1 42. Rff2 Bc8 43. Rfe2 Bb7 44. Rd3+ Kg4 45. Rd4+ Kg3 46. Rd1 Rxg2 47. Rxg2+ Bxg2 48. Rd3+ Bf3 49. Kd2 h4 50. Ke1 h3 51. Rd8 h2 52. Rh8 h1Q+ 53. Rxh1 Bxh1 54. Kd2 Kf4 55. Kd3 Ke5 56. Kc4 Kd6 57. Kb4 Bd5 58. c4 Be6 59. b3 Kc6 60. Ka5 Kb7 61. c5 Bd7 62. b4 Be6 63. a4 Bc4 64. b5 axb5 65. axb5 Bd5 1/2-1/2

[Event "Novokuznetsk-ch op"]
[Site "Novokuznetsk"]
[Date "2007.11.24"]
[Round "7"]
[White "Suslikova, Oksana"]
[Black "Rogov, Igor"]
[Result "1-0"]
[WhiteElo "2010"]
[BlackElo "2035"]
[PlyCount "81"]
[EventDate "2007.11.24"]
[EventType "swiss"]
[EventRounds "9"]
[EventCountry "RUS"]
[SourceTitle "EXT 2022"]
[Source "ChessBase"]
[SourceDate "2021.10.06"]
[SourceVersion "1"]
[SourceVersionDate "2021.10.06"]
[SourceQuality "1"]

1. d4 d5 2. c4 c6 3. Nc3 Nf6 4. Bf4 e6 5. e3 Bd6 6. Bg5 Be7 7. Nf3 Nbd7 8. a3 Qc7 9. Bd3 b6 10. Rc1 dxc4 11. Bxc4 Bb7 12. 0-0 0-0 13. e4 Qd8 14. Re1 Re8 15. h3 Nf8 16. Bf4 Ng6 17. Bh2 h6 18. Ne5 Nf8 19. f4 N6d7 20. f5 Nxe5 21. Bxe5 Bf6 22. Bxf6 Qxf6 23. Rf1 Qe7 24. Qg4 Qg5 25. e5 Qxg4 26. hxg4 Red8 27. Rcd1 exf5 28. gxf5 Rd7 29. Ne4 Rad8 30. Nd6 Re7 31. f6 gxf6 32. Rxf6 Ne6 33. Rxh6 Bc8 34. Rd3 Ng7 35. Nxc8 Rxc8 36. Rdh3 Ne8 37. Rg3+ Ng7 38. e6 f5 39. Rhg6 Rd8 40. Rxg7+ Rxg7 41. e7+ 1-0

[Event "RUS-ch U26"]
[Site "Novokuznetsk"]
[Date "2007.10.28"]
[Round "7"]
[White "Vorobiov, Dmitry"]
[Black "Rogov, Igor"]
[Result "1-0"]
[WhiteElo "2116"]
[BlackElo "2035"]
[PlyCount "65"]
[EventDate "2007.10.22"]
[EventType "swiss"]
[EventRounds "9"]
[EventCountry "RUS"]
[SourceTitle "EXT 2009"]
[Source "ChessBase"]
[SourceDate "2008.11.26"]
[SourceVersion "1"]
[SourceVersionDate "2008.11.26"]
[SourceQuality "1"]

1. e4 c5 2. Nf3 Nc6 3. d4 cxd4 4. Nxd4 Nf6 5. Nc3 d6 6. Bg5 e6 7. Qd2 Be7 8. 0-0-0 a6 9. Nb3 b5 10. Bxf6 gxf6 11. f4 Bb7 12. f5 Qc7 13. g3 Ne5 14. fxe6 fxe6 15. Nd4 Kf7 16. Bh3 Bc8 17. Rhf1 Bd7 18. Qh6 Ng6 19. Kb1 Bf8 20. Qh5 Qc5 21. Nd5 exd5 22. Bxd7 dxe4 23. Rf5 Qb6 24. Bc6 Ra7 25. Bd5+ Ke8 26. Rxf6 Rg8 27. Bc6+ Kd8 28. Ne6+ Ke7 29. Ng7 Kxf6 30. Ne8+ Ke6 31. Qd5+ Ke7 32. Qg5+ Ke6 33. Qf6# 1-0

[Event "RUS-ch U26"]
[Site "Novokuznetsk"]
[Date "2007.10.23"]
[Round "2"]
[White "Rogov, Igor"]
[Black "Vladimirov, Mikhail"]
[Result "0-1"]
[WhiteElo "2035"]
[BlackElo "2187"]
[PlyCount "90"]
[EventDate "2007.10.22"]
[EventType "swiss"]
[EventRounds "9"]
[EventCountry "RUS"]
[SourceTitle "EXT 2009"]
[Source "ChessBase"]
[SourceDate "2008.11.26"]
[SourceVersion "1"]
[SourceVersionDate "2008.11.26"]
[SourceQuality "1"]

1. e4 c5 2. Nf3 d6 3. d4 cxd4 4. Nxd4 Nf6 5. Nc3 a6 6. a4 Bd7 7. Be2 Nc6 8. 0-0 g6 9. Be3 Bg7 10. Nb3 0-0 11. f3 Rc8 12. a5 Be6 13. Bb6 Qe8 14. Qd2 Nd7 15. Be3 Qd8 16. Nd1 Qc7 17. f4 f5 18. Bd3 fxe4 19. Bxe4 Nf6 20. Bf3 Kh8 21. Bb6 Qd7 22. Rb1 Bc4 23. Re1 e5 24. fxe5 Nxe5 25. Be2 Ne4 26. Qe3 Bd5 27. Nd4 Rce8 28. Qa3 Nd2 29. Ra1 Nec4 30. Qd3 Ne4 31. Ba7 Nc5 32. Bxc5 dxc5 33. Nf3 Qc6 34. c3 Bxf3 35. gxf3 Ne5 36. Qd2 Nxf3+ 37. Bxf3 Qxf3 38. Nf2 Bh6 39. Qc2 Be3 40. Rf1 Rf5 41. h4 Qg3+ 42. Kh1 Qxh4+ 43. Kg2 Rg5+ 44. Kf3 Bxf2 45. Rxf2 Qg4# 0-1